Datum a čas kvízu

20 Celkem bodů Celkový počet nahraných bodů na tomto kvízu bez doplňovacích otázek.
5. Pořadí na kvízu Konečné umístění týmu na tomto kvízu.

Zaznamenané odpovědi

# Otázka Odpověď Body Výsledky
1. Minulý týden napadli hackeři f... dopravy 0
2. Jeden polský autobusový doprav... Hel 0
3. Minulý týden došlo k útěku dev... Děčín, makak 1
4. Ve středu oznámil český minist... Zdeněk Nekula, Marek Výborný 0
5. Který tým získal minulý týden... Denver (Nuggets) 1
6. V následujících otázkách se bu... Pangea, Gondwanu 0.5
7. Seřaďte následující minerály p... 1B 2C 3A 4D 0
8. Která vyvřelá hornina, běžně n... čedič (bazalt) 0
9. Součástí geologických věd je t... na Islandu, v Norsku 1
10. Jak se nazývá nejmladší geolog... holocén 0